Ochranářství může spíše škodit Evropská unie a české zemědělství
Poľnohospodárska politika Českej republiky v porovnaní s poľnohospodárskou politikou EÚ. Spoločná poľnohospodárska politika EÚ. Primeraná ochrana vnútorného potravinárskeho trhu EÚ a primeraný rozsah dotácií do poľnohospodárstva. Produkčná politika a sociálne a environmentálne hľadiská. Európske poľ...
Gespeichert in:
| 1. Verfasser: | |
|---|---|
| Format: | Buchkapitel |
| Sprache: | Tschechisch |
| Schlagworte: | |
| Tags: |
Keine Tags, Fügen Sie das erste Tag hinzu!
|
MARC
| LEADER | 00000naa a2200000 4500 | ||
|---|---|---|---|
| 001 | r016488 | ||
| 005 | 20221208130753.1 | ||
| 041 | 0 | |a cze | |
| 044 | |a CZ | ||
| 245 | 1 | 0 | |a Ochranářství může spíše škodit |b Evropská unie a české zemědělství |c J. Kraus |
| 520 | |a Poľnohospodárska politika Českej republiky v porovnaní s poľnohospodárskou politikou EÚ. Spoločná poľnohospodárska politika EÚ. Primeraná ochrana vnútorného potravinárskeho trhu EÚ a primeraný rozsah dotácií do poľnohospodárstva. Produkčná politika a sociálne a environmentálne hľadiská. Európske poľnohospodárstvo pred reformou. Dovoz a vývoz EÚ. Zapojenie krajín strednej a východnej Európy do spoločnej poľnohospodárskej politiky EÚ. | ||
| 610 | 2 | 0 | |a politika poľnohospodárska |
| 610 | 2 | 0 | |a protekcionizmus |
| 610 | 2 | 0 | |a dotácie |
| 610 | 2 | 0 | |a dovoz |
| 610 | 2 | 0 | |a vývoz |
| 610 | 2 | 0 | |a Európska únia |
| 610 | 2 | 0 | |a Česko |
| 610 | 2 | 0 | |a stredná Európa |
| 610 | 2 | 0 | |a východná Európa |
| 100 | 1 | |a Kraus, Josef | |